| 000 | 00715cam a2200289 4500 | ||
|---|---|---|---|
| 008 | 090401t1997 xxu||||| |||| 00| 0 eng d | ||
| 020 | _a0721910629 | ||
| 035 | _a(Sirsi) u13257 | ||
| 041 | _aeng | ||
| 050 | _a711.558026 | ||
| 100 | _aGarner, J.F. | ||
| 245 | _aCountryside law. | ||
| 250 | _a3rd ed. | ||
| 260 |
_aCrayford, Kent _bShaw & Sons _c1997 |
||
| 300 | _aix,318p. ; 21cm. | ||
| 350 | _a19.95 | ||
| 520 | _aSuperseded by the 4th ed. (ISBN 0721910637). | ||
| 650 | _aACCESS TO THE COUNTRYSIDE | ||
| 650 | _aCOUNTRYSIDE | ||
| 650 | _aPLANNING | ||
| 650 | _aPOLLUTION | ||
| 650 | _aWILDLIFE | ||
| 690 | _aRURAL PRACTICE | ||
| 700 | _aJones, B.L. | ||
| 942 | _n0 | ||
| 948 | _c04/03/1997 | ||
| 999 |
_c87076 _d87076 |
||